000 00310nam a2200133Ia 4500
100 _aRao/N.N.
942 _cBK
654 _aEngg electromagnectics
245 _aElements of Engg Electromagnetics
260 _bPrentice Hall of India
_aNew Delhi
_c1992
082 _a621.3
546 _aENGLISH
999 _c35400
_d35400